000 00328nam a22001217a 4500
008 230606b xxu||||| |||| 00| 0 eng d
020 _a998766637 x
082 _a382.91
_bEAC
245 _aEast Africa Customs Union
_bInformation And Implications
260 _aKenya
_bEast Africa Community
_c2002
300 _a52 p
942 _2ddc
_cBK
999 _c744
_d744